Language Native Names Click Quiz - Hard - Statistics

General Stats
  • This quiz has been taken 776 times
    775 since last reset
  • The average score is 12 of 25
Answer Stats
Hint Answer % Correct
русский язык Russian
91%
Νέα Ελληνικά Greek
87%
한국어 Korean
84%
العربية Arabic
82%
Українська мова Ukrainian
80%
עברית Hebrew
77%
中文 Chinese
70%
日本語 Japanese
70%
አማርኛ Amharic
55%
אידיש Yiddish
48%
ภาษาไทย Thai
45%
हिन्दी Hindi
41%
ᏣᎳᎩ ᎦᏬᏂᎯᏍᏗ Cherokee
39%
𐤃𐤁𐤓𐤉𐤌 𐤊𐤍𐤏𐤍𐤉𐤌 Phoenician
39%
𒅴𒂠 Sumerian
39%
ᐃᓄᒃᑎᑐᑦ Inuktitut
37%
اُردُو Urdu
37%
မြန်မာစာ Burmese
34%
বাংলা Bengali
32%
پښتو Pashto
32%
தமிழ் Tamil
30%
संस्कृतम् Sanskrit
29%
ພາສາລາວ Lao
28%
ꦧꦱꦗꦮ Javanese
16%
ᮘᮞ ᮞᮥᮔ᮪ᮓ Sundanese
14%
No matching quizzes found
Score Distribution
Percent of People with Each Score
Percentile by Number Answered
Your Score History
You have not taken this quiz since the last reset